<?xml version="1.0" encoding="UTF-8"?>
<marc:record xmlns:marc="http://www.loc.gov/MARC21/slim">
   <marc:leader>00000nam a2200000 a 4500</marc:leader>
   <marc:datafield ind1="1" ind2=" " tag="100">
      <marc:subfield code="a">Helmig, Alexandra</marc:subfield>
      <marc:subfield code="4">aut</marc:subfield>
      <marc:subfield code="e">Verfasser/-in</marc:subfield>
   </marc:datafield>
   <marc:datafield ind1="0" ind2="0" tag="245">
      <marc:subfield code="a">Kosmo &amp; Klax - ABC-Geschichten</marc:subfield>
   </marc:datafield>
   <marc:datafield ind1="0" ind2="0" tag="245">
      <marc:subfield code="c">Alexandra Helmig ; mit Illustrationen von Timo Becker</marc:subfield>
   </marc:datafield>
   <marc:datafield ind1=" " ind2="1" tag="264">
      <marc:subfield code="a">München</marc:subfield>
      <marc:subfield code="b">Mixtvision</marc:subfield>
      <marc:subfield code="c">2018</marc:subfield>
   </marc:datafield>
   <marc:datafield ind1="1" ind2=" " tag="520">
      <marc:subfield code="a">Angaben aus der Verlagsmeldung

Kosmo &amp; Klax ABC-Geschichten / von Alexandra Helmig

Auf die BUCHSTABEN, fertig, los! Ob spannender Zirkusbesuch, rasante Fahrradtour, unheimliches Niemandsland oder ein lustiges Picknick im Park – in der fröhlichen Welt von Kosmo &amp; Klax ist immer etwas los! 26 aufregende ABC-Geschichten – zum Vorlesen, Anhören und Mitmachen
</marc:subfield>
   </marc:datafield>
   <marc:datafield ind1=" " ind2=" " tag="020">
      <marc:subfield code="a">9783958540613</marc:subfield>
      <marc:subfield code="9">9783958540613</marc:subfield>
   </marc:datafield>
   <marc:datafield ind1=" " ind2=" " tag="020">
      <marc:subfield code="a">3958540619</marc:subfield>
      <marc:subfield code="9">3958540619</marc:subfield>
   </marc:datafield>
   <marc:datafield ind1=" " ind2=" " tag="300">
      <marc:subfield code="a">114 S.</marc:subfield>
   </marc:datafield>
</marc:record>
